Fourth Wing Series (The Empyrean) - Statistics

General Stats
  • This quiz has been taken 175 times
  • The average score is 12 of 17
Answer Stats
Answer % Correct
Violet Sorrengail
99%
Xaden Riorson
98%
Mira Sorrengail
85%
Rhiannon Matthias
82%
Liam Mairi
81%
Ridoc Gamlyn
78%
Imogen Cardulo
75%
Brennan Sorrengail
73%
Sawyer Henrick
73%
Bodhi Durran
71%
Dain Aetos
71%
Garrick Tavis
69%
Lilith Sorrengail
65%
Jack Barlowe
50%
Aaric Graycastle
42%
Jesinia Neilwart
38%
Amber Mavis
8%
No matching quizzes found
Score Distribution
Percent of People with Each Score
Percentile by Number Answered
Your Score History
You have not taken this quiz